000 00467nam a2200157Ia 4500
008 100204s9999 xx 000 0 und d
082 _b28010
100 _aऔरंगाबादकर अनुराधा
245 _aसदाबहार देवआनंद
250 _a0
260 _c2007
300 _a369
630 _aसदाबहार देवआनंद
730 _aसदाबहार देवआनंद
942 _cBOOK
999 _c473188
_d473185